Score 0/26 Timer 03:00
1 Play Today
Movie Word % Correct
_____ Me If You CanCatch
94.5%
Butch _______ and the Sundance KidCassidy
93.8%
Black ____ DownHawk
91.5%
_______ XMalcolm
87%
The ______ NetworkSocial
82.3%
The Madness of ____ GeorgeKing
81.9%
Mutiny on the ______Bounty
80.9%
Cinderella ___Man
80.8%
Dog Day _________Afternoon
80.8%
Man of a ________ FacesThousand
79%
_____ AdamsPatch
78%
The Greatest ____ Ever PlayedGame
77.1%
Escape from ________Alcatraz
75.2%
Movie Word % Correct
The _______ of HappynessPursuit
74.9%
The Last King of ________Scotland
69.8%
A ______ Too FarBridge
68.5%
A Cry in the ____Dark
66%
In the Name of the ______Father
63.3%
Norma ___Rae
60.7%
______ DearestMommie
59.8%
October ___Sky
53%
The ________ WorkerMiracle
49.8%
We Are _______Marshall
49.1%
_________ PotemkinBattleship
34.6%
The __________ DiariesBasketball
32.2%
________ at NurembergJudgment
29.6%

Today's Daily Dose

Missing Word
'T' Pairs

Word Ladder
Game Pieces

Get the Picture
Baseball Movies

Remove Ads.
Support Sporcle.
Get the best of Sporcle when you Go Orange. This ad-free experience offers more features, more stats, and more fun while also helping to support Sporcle. Thank you for becoming a member.

You're not logged in!

Compare scores with friends on all Sporcle quizzes.
OR
Log In

Show Comments

Extras

Top Quizzes Today


Score Distribution

Your Account Isn't Verified!

In order to create a playlist on Sporcle, you need to verify the email address you used during registration. Go to your Sporcle Settings to finish the process.

Report this User

Report this user for behavior that violates our Community Guidelines.

Details: